[Event "SR 2. liga A 2016/2017"]
[Site "?"]
[Date "2018.02.24"]
[Round "8.4"]
[White "Vadila, Ondrej"]
[Black "Mihalik, Anton"]
[Result "0-1"]
[WhiteElo "2000"]
[BlackElo "1953"]
[PlyCount "128"]
[EventDate "2017.??.??"]
[WhiteTeam "SK Slovan Bratislava E"]
[BlackTeam "SK Lowe Piestany"]

1. e4 c5 2. Nf3 d6 3. d4 cxd4 4. Nxd4 Nf6 5. Nc3 a6 6. Bg5 e6 7. f4 Be7 8. Qf3
Qc7 9. O-O-O Nbd7 10. Be2 b5 11. Bxf6 Nxf6 12. e5 Bb7 13. Qg3 dxe5 14. fxe5 Nd7
15. Bf3 O-O 16. Bxb7 Qxb7 17. Rde1 Nc5 18. Nb3 Nxb3+ 19. axb3 a5 20. Ne4 Kh8
21. Rhf1 a4 22. b4 Bxb4 23. Re3 a3 24. bxa3 Bxa3+ 25. Rxa3 Qxe4 26. Rxa8 Qxa8
27. Kb1 Qa7 28. Qc3 Kg8 29. Rd1 Ra8 30. Qb2 h6 31. c3 Qc5 32. Re1 Rc8 33. Re2
Qxc3 34. Qxc3 Rxc3 35. Kb2 Rc5 36. Kb3 Kf8 37. h3 Ke7 38. g4 f6 39. exf6+ gxf6
40. Kb4 Rd5 41. Ra2 Kf7 42. Ra7+ Kg6 43. Ra8 h5 44. Rg8+ Kf7 45. Rb8 hxg4 46.
hxg4 Rg5 47. Kc3 Rxg4 48. Rxb5 f5 49. Kd3 Kf6 50. Ke3 Ra4 51. Rb8 Ra3+ 52. Kf2
e5 53. Rb2 e4 54. Rc2 Ke5 55. Rb2 Kf4 56. Rc2 Rh3 57. Kg2 Rg3+ 58. Kh2 e3 59.
Ra2 Kf3 60. Ra3 f4 61. Rb3 Kf2 62. Rb4 f3 63. Rb2+ e2 64. Ra2 Rg8 0-1

[Event "SR 2. liga A 2016/2017"]
[Site "?"]
[Date "2018.02.24"]
[Round "8.5"]
[White "Farkas, Gabor"]
[Black "Straka, Jozef"]
[Result "0-1"]
[WhiteElo "2401"]
[BlackElo "2282"]
[PlyCount "112"]
[EventDate "2017.??.??"]
[WhiteTeam "SK Senec"]
[BlackTeam "SK Nafta Gbely"]

1. e4 c5 2. Nf3 Nc6 3. d4 cxd4 4. Nxd4 e5 5. Nb5 a6 6. Nd6+ Bxd6 7. Qxd6 Qe7 8.
Qd3 Nf6 9. Bg5 d5 10. Bxf6 gxf6 11. exd5 Nb4 12. Qd2 Qc5 13. Nc3 Bf5 14. Bd3
Bxd3 15. cxd3 O-O-O 16. O-O Nxd5 17. b4 Qd4 18. b5 Nxc3 19. Rac1 Kb8 20. Rxc3
axb5 21. Rb3 Rd5 22. Rfb1 Rhd8 23. Qa5 Qa7 24. Qb4 Qc5 25. Qe4 Qc2 26. R3b2
Qxd3 27. Qe1 Qd1 28. Kf1 Qh5 29. f3 Qxh2 30. a4 Qh1+ 31. Kf2 Qh4+ 32. Ke2 Qc4+
33. Kf2 Qh4+ 34. Ke2 Qe4+ 35. Kf2 Qxa4 36. Qb4 Qa7+ 37. Kg3 Qe3 38. Qe4 Qg5+
39. Kh2 Rd2 40. Rxd2 Rxd2 41. f4 Qxf4+ 42. Qxf4 exf4 43. Kh3 Rd3+ 44. Kg4 Rg3+
45. Kxf4 Rxg2 46. Rxb5 Rh2 47. Kg3 Rh6 48. Rb1 Rh5 49. Rb6 Rf5 50. Rb1 h5 51.
Re1 Kc7 52. Re7+ Kc6 53. Rxf7 b5 54. Rf8 Kc5 55. Rc8+ Kb4 56. Rc1 Kb3 0-1

[Event "SR 2. liga A 2016/2017"]
[Site "?"]
[Date "2018.02.24"]
[Round "8.5"]
[White "Danada, Tomas"]
[Black "Varga, David"]
[Result "1/2-1/2"]
[WhiteElo "2278"]
[BlackElo "2312"]
[PlyCount "142"]
[EventDate "2017.??.??"]
[WhiteTeam "SK Nafta Gbely"]
[BlackTeam "SK Senec"]

1. d4 Nf6 2. c4 c6 3. Nc3 d5 4. Nf3 e6 5. e3 Be7 6. b3 O-O 7. Bd3 Nbd7 8. O-O
Bd6 9. Nd2 e5 10. cxd5 cxd5 11. Nb5 Bb8 12. Ba3 e4 13. Be2 a6 14. Nd6 Qe7 15.
N6c4 Qe6 16. Bxf8 Nxf8 17. Ne5 Bxe5 18. dxe5 Qxe5 19. Rc1 Ng6 20. Re1 h5 21.
Qc2 Qg5 22. Qc7 Kh7 23. Qg3 Qf5 24. Rc7 Ne8 25. Rc5 b6 26. Rc6 Bd7 27. Rxb6 d4
28. Rxg6 fxg6 29. exd4 Qa5 30. Qe3 Nd6 31. Rc1 Qxa2 32. Bc4 Qb2 33. Qc3 Qxc3
34. Rxc3 a5 35. Bd5 Re8 36. Re3 Bf5 37. h3 g5 38. g4 hxg4 39. hxg4 Bxg4 40.
Bxe4+ Nxe4 41. Nxe4 Kg6 42. Nd6 Rxe3 43. fxe3 Bd1 44. Nc4 Bxb3 45. Nxa5 Bd5 46.
e4 Bxe4 47. Nc4 Kf5 48. Nd6+ Kf4 49. Ne8 g6 50. Nf6 Bf3 51. Kf2 g4 52. Nd7 g3+
53. Kg1 g5 54. Ne5 Bd5 55. Nd7 Bf3 56. Ne5 Ba8 57. Nf7 Bb7 58. Ne5 Ke3 59. Nf7
Kxd4 60. Nxg5 Ke5 61. Nh3 Kf5 62. Nf2 Kf4 63. Nd3+ Ke3 64. Ne5 Ke4 65. Ng4 Bc6
66. Nf2+ Ke3 67. Ng4+ Ke2 68. Nh2 Bd5 69. Nf1 g2 70. Ng3+ Kf3 71. Nf5 Kf4
1/2-1/2

[Event "SR 2. liga A 2016/2017"]
[Site "?"]
[Date "2018.02.24"]
[Round "8.5"]
[White "Balogh, Peter"]
[Black "Sosovicka, Juraj"]
[Result "0-1"]
[WhiteElo "2273"]
[BlackElo "2137"]
[PlyCount "88"]
[EventDate "2017.??.??"]
[WhiteTeam "SK Senec"]
[BlackTeam "SK Nafta Gbely"]

1. d4 d5 2. c4 c6 3. Nf3 Nf6 4. e3 e6 5. Nbd2 Nbd7 6. Bd3 Be7 7. O-O O-O 8. e4
dxe4 9. Nxe4 Nxe4 10. Bxe4 Nf6 11. Bc2 b6 12. Bg5 Bb7 13. Qd3 g6 14. Rad1 Nh5
15. Qe3 Re8 16. Rfe1 Qc7 17. Bxe7 Rxe7 18. Ne5 Rd8 19. Be4 Nf6 20. Bf3 Ree8 21.
b3 Nd7 22. Qf4 Nxe5 23. dxe5 c5 24. Bxb7 Qxb7 25. Rd6 Rxd6 26. exd6 Rd8 27. Rd1
Rd7 28. h4 h5 29. f3 Qb8 30. Kf2 Qf8 31. Qe5 Qd8 32. g3 Qf8 33. Ke3 Qh6+ 34. f4
Qf8 35. Rd2 Qb8 36. Kf3 Qf8 37. Ke3 Qb8 38. Kf3 Qf8 39. Rd3 Qb8 40. Rd1 Qf8 41.
Ke3 Qb8 42. g4 Qd8 43. Qg5 hxg4 44. Qxg4 Rxd6 0-1

[Event "SR 2. liga A 2016/2017"]
[Site "?"]
[Date "2018.02.24"]
[Round "8.5"]
[White "Pribila, Gerhard"]
[Black "Koloditsova, Renata"]
[Result "1-0"]
[WhiteElo "2109"]
[BlackElo "2006"]
[PlyCount "123"]
[EventDate "2017.??.??"]
[WhiteTeam "SK Nafta Gbely"]
[BlackTeam "SK Senec"]

1. Nf3 d5 2. c4 c6 3. b3 Nf6 4. e3 Bf5 5. Nc3 e6 6. Be2 h6 7. O-O Nbd7 8. d4
Be7 9. Bb2 O-O 10. h3 Bh7 11. Bd3 Ne4 12. Qc2 f5 13. Ne2 Bd6 14. a4 Qe7 15.
Rac1 Rac8 16. c5 Bb8 17. Ne5 Ndf6 18. f3 Ng5 19. b4 Nf7 20. f4 Nh5 21. Kh2 g5
22. g4 Ng7 23. Ng3 Nxe5 24. fxe5 Rf7 25. Rf2 Rcf8 26. Rcf1 Qd7 27. Bc1 Kh8 28.
Kg2 Qc8 29. Bb2 Qd7 30. Qb1 Qc8 31. e4 f4 32. exd5 Bxd3 33. Qxd3 cxd5 34. Qg6
Kg8 35. Nh5 Qe8 36. Nf6+ Rxf6 37. Qxe8 Nxe8 38. exf6 Nxf6 39. Kf3 Ne4 40. Rc2
Rc8 41. Rfc1 Kf7 42. c6 Bd6 43. cxb7 Rb8 44. Bc3 Rxb7 45. b5 a6 46. bxa6 Ra7
47. Be1 Rxa6 48. a5 Ba3 49. Rc7+ Kf6 50. R1c6 Ra8 51. Rh7 Bb2 52. Rxh6+ Kg7 53.
Rhxe6 Bxd4 54. Re7+ Kf8 55. Rec7 Ke8 56. Rc8+ Rxc8 57. Rxc8+ Kd7 58. Rc2 Ba7
59. h4 gxh4 60. Bxh4 Be3 61. a6 Nd2+ 62. Rxd2 1-0

[Event "SR 2. liga A 2016/2017"]
[Site "?"]
[Date "2018.02.24"]
[Round "8.5"]
[White "Gruca, Miroslav"]
[Black "Travnicek, Petr"]
[Result "1-0"]
[WhiteElo "2171"]
[BlackElo "2139"]
[PlyCount "53"]
[EventDate "2017.??.??"]
[WhiteTeam "SK Senec"]
[BlackTeam "SK Nafta Gbely"]

1. b3 Nc6 2. Bb2 e5 3. e3 Nf6 4. Bb5 Bd6 5. Na3 a6 6. Bxc6 dxc6 7. Nc4 e4 8.
Qe2 O-O 9. f3 Bf5 10. Nxd6 Qxd6 11. fxe4 Nxe4 12. Nf3 Rad8 13. O-O Bg4 14. d3
Ng5 15. Kh1 Rfe8 16. Qf2 Bxf3 17. gxf3 f6 18. Rae1 Rd7 19. Qg2 Kh8 20. Rg1 Qf8
21. Qg4 Qf7 22. Rg3 Qe6 23. Qh4 Qe5 24. e4 Qa5 25. Ra1 Rf7 26. Qh5 Qd2 27. Rxg5
1-0

[Event "SR 2. liga A 2016/2017"]
[Site "?"]
[Date "2018.02.24"]
[Round "8.5"]
[White "Danada, Ondrej"]
[Black "Micek, Jaroslav"]
[Result "0-1"]
[WhiteElo "1858"]
[BlackElo "2063"]
[PlyCount "64"]
[EventDate "2017.??.??"]
[WhiteTeam "SK Nafta Gbely"]
[BlackTeam "SK Senec"]

1. e4 c5 2. Nf3 d6 3. d4 cxd4 4. Nxd4 Nf6 5. Nc3 g6 6. Be3 Bg7 7. f3 O-O 8. Bc4
Nc6 9. Qd2 Bd7 10. O-O-O Qa5 11. h4 Rfc8 12. Bb3 Ne5 13. h5 Nxh5 14. Rxh5 gxh5
15. Rh1 Nc4 16. Bxc4 Rxc4 17. g4 Rxc3 18. Qxc3 Qxc3 19. bxc3 hxg4 20. Rg1 Rc8
21. Nf5 Bxf5 22. exf5 Rxc3 23. Kd2 Ra3 24. Rxg4 Kf8 25. Rc4 Bf6 26. Rc7 b6 27.
c3 Rxa2+ 28. Kd3 Kg7 29. Kc4 Ra5 30. Bd4 Bxd4 31. Kxd4 Kf6 32. Ke4 h5 0-1

[Event "SR 2. liga A 2016/2017"]
[Site "?"]
[Date "2018.02.24"]
[Round "8.5"]
[White "Lesny, Stefan"]
[Black "Brunovsky, Peter"]
[Result "1/2-1/2"]
[WhiteElo "2041"]
[BlackElo "1829"]
[PlyCount "66"]
[EventDate "2017.??.??"]
[WhiteTeam "SK Senec"]
[BlackTeam "SK Nafta Gbely"]

1. e4 d5 2. exd5 Qxd5 3. Nc3 Qa5 4. Bc4 Nf6 5. Nf3 Bf5 6. O-O e6 7. d3 c6 8.
Bf4 Be7 9. h3 Nbd7 10. a3 Qd8 11. Nh4 Bg6 12. Nxg6 hxg6 13. Re1 Nb6 14. Bb3
Nbd5 15. Nxd5 Nxd5 16. Bg3 Bd6 17. Bxd5 cxd5 18. Bxd6 Qxd6 19. d4 Rc8 20. c3
Kf8 21. Qa4 a6 22. Qb4 Qe7 23. Re3 Rc4 24. Qb3 Qc7 25. Rae1 Kg8 26. Qd1 a5 27.
Qf3 a4 28. R1e2 Rc6 29. Rd2 Rh4 30. Qg3 Qxg3 31. Rxg3 Kf8 32. Re3 Ke7 33. Kf1
Rh8 1/2-1/2

[Event "SR 2. liga A 2016/2017"]
[Site "?"]
[Date "2018.02.24"]
[Round "8.5"]
[White "Zajicek, Ferdinand"]
[Black "Ujhelyi, Matus"]
[Result "1/2-1/2"]
[WhiteElo "1764"]
[BlackElo "1880"]
[PlyCount "46"]
[EventDate "2017.??.??"]
[WhiteTeam "SK Nafta Gbely"]
[BlackTeam "SK Senec"]

1. e4 e6 2. Nf3 d5 3. exd5 exd5 4. d4 Nf6 5. Nc3 c6 6. h3 Bf5 7. Bd3 Bxd3 8.
Qxd3 Bd6 9. O-O O-O 10. Bg5 Nbd7 11. Rfe1 Qc7 12. Bxf6 Nxf6 13. Re2 Rae8 14.
Rae1 Rxe2 15. Rxe2 Re8 16. Rxe8+ Nxe8 17. a3 Qe7 18. Qe2 Qxe2 19. Nxe2 f6 20.
g3 Kf7 21. Kg2 Bc7 22. c3 Nd6 23. Nd2 b6 1/2-1/2

[Event "SR 2. liga A 2016/2017"]
[Site "?"]
[Date "2018.02.24"]
[Round "8.6"]
[White "Keresztes, Richard"]
[Black "Jablonicky, Martin"]
[Result "0-1"]
[WhiteElo "2220"]
[BlackElo "2302"]
[PlyCount "100"]
[EventDate "2017.??.??"]
[WhiteTeam "DSC Potonska veza"]
[BlackTeam "SK Osuske B"]

1. Nf3 Nf6 2. c4 g6 3. b3 Bg7 4. Bb2 O-O 5. g3 c5 6. Bg2 Nc6 7. O-O d6 8. d3
Bd7 9. Nc3 a6 10. e3 b5 11. Qd2 Rb8 12. h3 bxc4 13. dxc4 a5 14. Rad1 Nb4 15. g4
a4 16. g5 Ne8 17. bxa4 Qc8 18. Kh2 Qa6 19. Nd5 Nxd5 20. Bxg7 Nxg7 21. cxd5 Qxa4
22. e4 Rb4 23. e5 Rfb8 24. exd6 Rb2 25. Qc1 exd6 26. Rd2 Qxa2 27. Rxb2 Rxb2 28.
Kg1 Bb5 29. Rd1 Rxf2 30. Nd2 Rxg2+ 31. Kxg2 Nf5 32. Re1 Qxd5+ 33. Ne4 Bc6 34.
Qf4 Qd3 35. Kh2 c4 36. Nf2 Qd4 37. Qxd4 Nxd4 38. Rc1 d5 39. h4 Kg7 40. Ng4 Nb3
41. Rc2 Bb5 42. Ra2 Kf8 43. Ra8+ Ke7 44. Rb8 Bd7 45. Nf6 Be6 46. Kg3 d4 47. Kf4
Kd6 48. Ne4+ Kc7 49. Ra8 c3 50. Ra2 Nc5 0-1

[Event "SR 2. liga A 2016/2017"]
[Site "?"]
[Date "2018.02.24"]
[Round "8.6"]
[White "Ocko, Martin"]
[Black "Darasz, Zoltan"]
[Result "1/2-1/2"]
[WhiteElo "2007"]
[BlackElo "2175"]
[PlyCount "40"]
[EventDate "2017.??.??"]
[WhiteTeam "SK Osuske B"]
[BlackTeam "DSC Potonska veza"]

1. d4 Nf6 2. Nf3 g6 3. g3 Bg7 4. Bg2 O-O 5. O-O d5 6. b3 c5 7. c3 Nc6 8. Bb2
Ne4 9. Nbd2 Bf5 10. Ne5 Nxd2 11. Nxc6 bxc6 12. Qxd2 Rb8 13. Ba3 cxd4 14. cxd4
Re8 15. Bc5 a6 16. Rfe1 e5 17. dxe5 Bxe5 18. Bd4 Qf6 19. Bxe5 Rxe5 20. Qf4 Rbe8
1/2-1/2

[Event "SR 2. liga A 2016/2017"]
[Site "?"]
[Date "2018.02.24"]
[Round "8.6"]
[White "Veselsky, Jozef"]
[Black "Nemeckay, Rastislav"]
[Result "1/2-1/2"]
[WhiteElo "2136"]
[BlackElo "1946"]
[PlyCount "107"]
[EventDate "2017.??.??"]
[WhiteTeam "DSC Potonska veza"]
[BlackTeam "SK Osuske B"]

1. d4 d5 2. Nf3 Nf6 3. c4 c6 4. Nc3 e6 5. Bg5 Nbd7 6. e3 Qa5 7. Bh4 Bb4 8. Qb3
Ne4 9. Rc1 a6 10. cxd5 cxd5 11. Bd3 Ndf6 12. O-O Bxc3 13. bxc3 b5 14. Bxf6 Nxf6
15. Ne5 Bb7 16. a4 Qxa4 17. Qxa4 bxa4 18. Ra1 Nd7 19. f4 Nxe5 20. fxe5 Bc6 21.
Rfb1 Kd7 22. Bc2 Rhb8 23. Rxb8 Rxb8 24. Bxa4 Bxa4 25. Rxa4 Ra8 26. Kf2 a5 27.
Ke2 Kc6 28. c4 dxc4 29. Rxc4+ Kb5 30. Kd3 a4 31. Rc5+ Kb4 32. Kc2 Ra7 33. Kb2
h5 34. Rc8 g6 35. Ka2 Rb7 36. Rc1 Ra7 37. Rc6 Kb5 38. Rc5+ Kb4 39. h4 Rb7 40.
Rc1 Ra7 41. Rc6 Kb5 42. Rc1 Kb4 43. g3 Rd7 44. Rc8 Ra7 45. Rc6 Kb5 46. Rd6 Kc4
47. e4 Kd3 48. d5 Kxe4 49. dxe6 fxe6 50. Rxe6 Kf5 51. Rf6+ Kxe5 52. Rxg6 Ke4
53. Ka3 Kf3 54. Rg5 1/2-1/2

[Event "SR 2. liga A 2016/2017"]
[Site "?"]
[Date "2018.02.24"]
[Round "8.6"]
[White "Jarabek, Milan"]
[Black "Keresztes, Mark"]
[Result "1/2-1/2"]
[WhiteElo "1713"]
[BlackElo "1992"]
[PlyCount "51"]
[EventDate "2017.??.??"]
[WhiteTeam "SK Osuske B"]
[BlackTeam "DSC Potonska veza"]

1. e4 Nc6 2. d4 e5 3. Nf3 exd4 4. Bc4 Be7 5. O-O d6 6. Nxd4 Nxd4 7. Qxd4 Nf6 8.
Nc3 O-O 9. Bd2 c6 10. Bb3 Be6 11. Rad1 b5 12. Bxe6 fxe6 13. e5 Nd5 14. Qg4 Rf5
15. Nxd5 cxd5 16. exd6 Qxd6 17. Bc3 Bf6 18. Bxf6 Rxf6 19. Rfe1 Raf8 20. Re2 e5
21. Qg3 Rf5 22. Qb3 e4 23. Red2 Qc5 24. Qe3 Qxe3 25. fxe3 Rd8 26. Rd4 1/2-1/2

[Event "SR 2. liga A 2016/2017"]
[Site "?"]
[Date "2018.02.24"]
[Round "8.6"]
[White "Kalmar, Tamas"]
[Black "Ulehla, Jakub"]
[Result "1-0"]
[WhiteElo "2098"]
[BlackElo "1785"]
[PlyCount "43"]
[EventDate "2017.??.??"]
[WhiteTeam "DSC Potonska veza"]
[BlackTeam "SK Osuske B"]

1. d4 Nf6 2. c4 g6 3. Nc3 Bg7 4. e4 d6 5. f3 O-O 6. Be3 Nbd7 7. Bd3 e5 8. Nge2
Ne8 9. Qc2 Nb8 10. d5 Qh4+ 11. g3 Qh5 12. g4 Qh4+ 13. Ng3 Na6 14. Qd2 f5 15.
Bg5 Bh6 16. Bxh4 Bxd2+ 17. Kxd2 fxg4 18. fxg4 Bxg4 19. Rhf1 Ng7 20. Rxf8+ Rxf8
21. Rf1 Rf4 22. Bg5 1-0

[Event "SR 2. liga A 2016/2017"]
[Site "?"]
[Date "2018.02.24"]
[Round "8.6"]
[White "Vozarova, Adriana"]
[Black "Merva, Frantisek"]
[Result "0-1"]
[WhiteElo "1564"]
[BlackElo "2088"]
[PlyCount "98"]
[EventDate "2017.??.??"]
[WhiteTeam "SK Osuske B"]
[BlackTeam "DSC Potonska veza"]

1. e4 b6 2. d4 Bb7 3. Nc3 e6 4. Nf3 Nf6 5. e5 Ne4 6. Nxe4 Bxe4 7. Bd3 Bxd3 8.
Qxd3 Be7 9. O-O d5 10. Ne1 c5 11. c3 Nc6 12. f4 g6 13. Rf3 cxd4 14. cxd4 Nxd4
15. Rh3 Rc8 16. Be3 Nf5 17. Bf2 Bc5 18. Qd2 Qd7 19. Nf3 Bxf2+ 20. Qxf2 Qa4 21.
Ne1 Qd4 22. Rd3 Qxf2+ 23. Kxf2 h5 24. Ra3 Rc7 25. Rd1 Ke7 26. Kf3 Rhc8 27. Rdd3
a5 28. Rab3 Rb7 29. Kf2 b5 30. Rbc3 Rbc7 31. Rxc7+ Rxc7 32. Ke2 Rc4 33. g3 Kd7
34. Kd2 h4 35. Ng2 hxg3 36. hxg3 Rd4 37. g4 Rxd3+ 38. Kxd3 Ne7 39. Ne1 Kc6 40.
Kd4 Kb6 41. Nd3 Nc6+ 42. Ke3 b4 43. Kd2 Kb5 44. b3 a4 45. Ke3 axb3 46. axb3 Na5
47. Nc1 Nxb3 48. Nxb3 Kc4 49. Na5+ Kc3 0-1

[Event "SR 2. liga A 2016/2017"]
[Site "?"]
[Date "2018.02.25"]
[Round "9.1"]
[White "Sukuba, Zdeno"]
[Black "Schwarz, Dusan"]
[Result "1-0"]
[WhiteElo "2155"]
[BlackElo "2290"]
[PlyCount "125"]
[EventDate "2017.??.??"]
[WhiteTeam "SK Krasnany"]
[BlackTeam "SK Doprastav Bratislava A"]

1. c4 e5 2. Nc3 Nf6 3. Nf3 Nc6 4. g3 Bb4 5. Bg2 O-O 6. O-O Re8 7. Nd5 Bc5 8. d3
Nxd5 9. cxd5 Nd4 10. e3 Nxf3+ 11. Bxf3 d6 12. a3 Bh3 13. Bg2 Bxg2 14. Kxg2 Qd7
15. b4 Bb6 16. Bb2 a5 17. Bc3 axb4 18. Bxb4 Ra4 19. Qb3 Qb5 20. Rab1 Rea8 21.
Bxd6 Qxb3 22. Rxb3 Rd8 23. Bxe5 Rxd5 24. Bb2 Raa5 25. Rc1 Rab5 26. Rxb5 Rxb5
27. Rc2 Rb3 28. d4 f6 29. Kf1 c6 30. Bc1 Kf7 31. Rb2 Rxb2 32. Bxb2 Ke6 33. Ke2
c5 34. Kd3 cxd4 35. Bxd4 Bc7 36. a4 g6 37. e4 f5 38. f3 h5 39. Bf2 fxe4+ 40.
Kxe4 h4 41. f4 hxg3 42. hxg3 Kd6 43. g4 Kc6 44. Bd4 Bd8 45. f5 gxf5+ 46. Kxf5
Kd7 47. Bf6 Ba5 48. g5 Bd2 49. g6 Bh6 50. Bc3 Ke7 51. Bb4+ Ke8 52. Ke6 Bg7 53.
Be7 Bh6 54. Bg5 Bf8 55. Bf4 Bg7 56. Kd6 Bd4 57. Kc7 b6 58. Bd6 Be3 59. Kc6 Bf2
60. Bc7 Kf8 61. Bxb6 Be1 62. Bd4 Kg8 63. Bf6 1-0

[Event "SR 2. liga A 2016/2017"]
[Site "?"]
[Date "2018.02.25"]
[Round "9.1"]
[White "Sahidi, Samir"]
[Black "Bronis, Marian"]
[Result "0-1"]
[WhiteElo "2259"]
[BlackElo "2081"]
[PlyCount "118"]
[EventDate "2017.??.??"]
[WhiteTeam "SK Doprastav Bratislava A"]
[BlackTeam "SK Krasnany"]

1. d4 d5 2. Nf3 Nc6 3. Bf4 Bg4 4. e3 e6 5. Nbd2 Bd6 6. c3 f6 7. Bxd6 Qxd6 8.
Bd3 e5 9. dxe5 Nxe5 10. Be2 Bd7 11. O-O Ne7 12. Nxe5 fxe5 13. e4 O-O-O 14. exd5
Qxd5 15. Bf3 Qe6 16. Qe2 Kb8 17. Ne4 Bc6 18. Ng5 Qf6 19. Bxc6 Qxg5 20. Be4 Rd2
21. Qf3 c6 22. Rad1 Rhd8 23. g3 h6 24. b4 Qf6 25. Qg4 Kc7 26. Rxd2 Rxd2 27. a4
Nd5 28. Bxd5 cxd5 29. b5 b6 30. Qh5 Kd8 31. Qh3 Kc7 32. c4 dxc4 33. Qg2 c3 34.
Qa8 c2 35. Qxa7+ Kc8 36. Qa8+ Kc7 37. Qe4 Kb8 38. Qc4 Kb7 39. Kg2 Qd6 40. Qe4+
Ka7 41. Qc4 Qd7 42. a5 bxa5 43. Qc5+ Kb8 44. Qxe5+ Kb7 45. Qc3 Kb6 46. Qe3+
Kxb5 47. Kg1 Qd3 48. Qe8+ Kb4 49. Qe7+ Kb3 50. Qe6+ Qc4 51. Qb6+ Qb4 52. Qe6+
Kb2 53. Qe5+ Qc3 54. Qb8+ Ka2 55. Qg8+ Qb3 56. Ra1+ Kxa1 57. Qxb3 c1=Q+ 58. Kg2
Rxf2+ 59. Kh3 Rxh2+ 0-1

[Event "SR 2. liga A 2016/2017"]
[Site "?"]
[Date "2018.02.25"]
[Round "9.1"]
[White "Biro, Karol"]
[Black "Cech, Dominik"]
[Result "1-0"]
[WhiteElo "2075"]
[BlackElo "2169"]
[PlyCount "123"]
[EventDate "2017.??.??"]
[WhiteTeam "SK Krasnany"]
[BlackTeam "SK Doprastav Bratislava A"]

1. Nf3 Nf6 2. c4 g6 3. b3 Bg7 4. Bb2 O-O 5. e3 c5 6. Be2 Nc6 7. O-O d6 8. d4
cxd4 9. Nxd4 Bd7 10. Nc3 a6 11. Rc1 Nxd4 12. Qxd4 Bc6 13. Qh4 Qa5 14. a3 b5 15.
b4 Qb6 16. Nd5 Bxd5 17. cxd5 Rfc8 18. Bf3 a5 19. Rc6 Rxc6 20. dxc6 axb4 21.
Qxb4 Ra4 22. c7 Qxc7 23. Qxb5 Ra5 24. Qb4 Rc5 25. g3 Nd7 26. Bd4 Rc4 27. Qb2
Bxd4 28. exd4 Qa7 29. Rd1 Nf8 30. Bd5 Ra4 31. Rd3 Ra5 32. Bc6 d5 33. a4 Ne6 34.
Qb4 Nd8 35. Bb5 Kg7 36. Qe1 Ne6 37. Qe5+ Kh6 38. Qxd5 Qc7 39. Qf3 Kg7 40. d5
Nc5 41. Rc3 Qd6 42. Rc4 Nb7 43. Rf4 f6 44. Re4 Nc5 45. Rc4 Ra7 46. h4 Nd7 47.
Qe3 Rb7 48. f4 Nb6 49. Rc6 Nxd5 50. Qd4 Qd8 51. Rc1 Qb6 {(=)} 52. Qxb6 Nxb6 53.
a5 Na8 54. Bf1 Ra7 55. a6 Nc7 56. Rc6 Kf7 57. Rb6 Ne8 58. Rb7 Ra8 59. Bc4+ Kg7
60. Rxe7+ Kh6 61. a7 Rd8 62. Bd5 1-0

[Event "SR 2. liga A 2016/2017"]
[Site "?"]
[Date "2018.02.25"]
[Round "9.1"]
[White "Polacik, Igor"]
[Black "Janos, Ivan"]
[Result "1/2-1/2"]
[WhiteElo "2183"]
[BlackElo "2091"]
[PlyCount "32"]
[EventDate "2017.??.??"]
[WhiteTeam "SK Doprastav Bratislava A"]
[BlackTeam "SK Krasnany"]

1. c4 Nf6 2. Nc3 e6 3. Nf3 b6 4. g3 Bb7 5. Bg2 Be7 6. O-O O-O 7. d4 d5 8. Ne5
Nbd7 9. Qa4 c6 10. Rd1 Nxe5 11. dxe5 Nd7 12. cxd5 cxd5 13. e4 Nc5 14. Qd4 Nxe4
15. Nxe4 dxe4 16. Qa4 Bc6 1/2-1/2

[Event "SR 2. liga A 2016/2017"]
[Site "?"]
[Date "2018.02.25"]
[Round "9.1"]
[White "Kebis, Milos"]
[Black "Orosi, Peter"]
[Result "0-1"]
[WhiteElo "1803"]
[BlackElo "2070"]
[PlyCount "80"]
[EventDate "2017.??.??"]
[WhiteTeam "SK Krasnany"]
[BlackTeam "SK Doprastav Bratislava A"]

1. c4 Nf6 2. Nc3 e5 3. Nf3 Nc6 4. d4 exd4 5. Nxd4 Bb4 6. Bg5 h6 7. Nxc6 Bxc3+
8. bxc3 bxc6 9. Bh4 c5 10. f3 Rb8 11. e4 Qe7 12. Bd3 g5 13. Bg3 Nh5 14. Bf2 Qe5
15. O-O Qxc3 16. Bxc5 Nf4 17. Bc2 Qxc4 18. Bf2 O-O 19. Bb3 Qa6 20. Qc2 Qa5 21.
Rab1 Ba6 22. Rfd1 d6 23. Bxa7 Bd3 24. Qf2 Ra8 25. Be3 Bxb1 26. Rxb1 Ne6 27. Rd1
Qe5 28. h4 Rab8 29. hxg5 hxg5 30. Rd5 Qa1+ 31. Kh2 Qh8+ 32. Kg1 Qh6 33. Rf5
Rfe8 34. Qg3 f6 35. Bxg5 fxg5 36. Rxg5+ Kf8 37. Rg6 Qc1+ 38. Kh2 Rxb3 39. Rf6+
Ke7 40. Qg6 Rh8+ 0-1

[Event "SR 2. liga A 2016/2017"]
[Site "?"]
[Date "2018.02.25"]
[Round "9.1"]
[White "Petrik, Karol"]
[Black "Zacik, Anton"]
[Result "1-0"]
[WhiteElo "2102"]
[BlackElo "1910"]
[PlyCount "73"]
[EventDate "2017.??.??"]
[WhiteTeam "SK Doprastav Bratislava A"]
[BlackTeam "SK Krasnany"]

1. e4 c5 2. c3 d5 3. exd5 Qxd5 4. d4 Nc6 5. Nf3 Bg4 6. dxc5 Qxd1+ 7. Kxd1 Bxf3+
8. gxf3 Nf6 9. Be3 g6 10. Kc2 Bg7 11. Nd2 O-O 12. Be2 Rac8 13. Rad1 Rfd8 14.
Ne4 Nd5 15. Bc4 Nxe3+ 16. fxe3 Ne5 17. Rxd8+ Rxd8 18. Be2 h6 19. f4 Nc6 20. Bb5
f5 21. Nd2 e5 22. Nf3 exf4 23. exf4 Ne7 24. Re1 Kf8 25. Bc4 Nd5 26. Bxd5 Rxd5
27. b4 Bf6 28. Nd4 g5 29. fxg5 hxg5 30. Kd3 f4 31. Kc4 Rd7 32. b5 Kf7 33. c6
bxc6 34. bxc6 Rc7 35. Kd5 Be7 36. Nb5 Rc8 37. c7 1-0

[Event "SR 2. liga A 2016/2017"]
[Site "?"]
[Date "2018.02.25"]
[Round "9.1"]
[White "Mikulasek, Viktor"]
[Black "Krajnak, Robert"]
[Result "1-0"]
[WhiteElo "1803"]
[BlackElo "2010"]
[PlyCount "111"]
[EventDate "2017.??.??"]
[WhiteTeam "SK Krasnany"]
[BlackTeam "SK Doprastav Bratislava A"]

1. e4 c5 2. Nf3 e6 3. d4 cxd4 4. Nxd4 Nc6 5. Nxc6 bxc6 6. Bd3 d5 7. O-O Nf6 8.
exd5 cxd5 9. Nc3 Be7 10. b3 O-O 11. Bb2 Bd7 12. a4 Qa5 13. Ne2 Rfe8 14. Ng3 Qb4
15. f4 Rad8 16. Qe2 Bc5+ 17. Kh1 Bd4 18. Bxd4 Qxd4 19. Rad1 Qb4 20. Nh5 Nxh5
21. Qxh5 g6 22. Qg5 Qe7 23. Qh6 Rc8 24. Rde1 Qf6 25. Rf3 Rc5 26. Rh3 Qg7 27.
Qxg7+ Kxg7 28. Rhe3 Rc3 29. h3 Rec8 30. g4 a5 31. Kh2 h6 32. Kg3 f6 33. h4 Rb8
34. Kf3 Rb4 35. Kg3 Bc8 36. h5 g5 37. fxg5 hxg5 38. h6+ Kxh6 39. Rh1+ Kg7 40.
Rh7+ Kg8 41. Rh2 d4 42. Re1 Ba6 43. Rd2 Kf7 44. Kf2 Bxd3 45. cxd3 Rbxb3 46. Ke2
Ra3 47. Rb1 Rxa4 48. Rb7+ Kg6 49. Rd1 Rb4 50. Re7 e5 51. Rh1 Rb2+ 52. Kf3 Rxd3+
53. Ke4 Re3+ 54. Kd5 Rg2 55. Rhh7 Rxg4 56. Ke6 1-0

[Event "SR 2. liga A 2016/2017"]
[Site "?"]
[Date "2018.02.25"]
[Round "9.1"]
[White "Machalec, Vladimir"]
[Black "Mikudik, Ivan"]
[Result "1/2-1/2"]
[WhiteElo "1935"]
[BlackElo "1881"]
[PlyCount "42"]
[EventDate "2017.??.??"]
[WhiteTeam "SK Doprastav Bratislava A"]
[BlackTeam "SK Krasnany"]

1. Nf3 e6 2. g3 d5 3. Bg2 Nf6 4. O-O c5 5. d4 Nc6 6. c3 Bd6 7. Nbd2 O-O 8. Qc2
cxd4 9. Nxd4 Nxd4 10. cxd4 Qb6 11. Nb3 Bd7 12. Nc5 Qc6 13. Qc3 Rac8 14. Nxd7
Qxd7 15. Qd3 h6 16. Bd2 b5 17. a3 Qb7 18. Rfc1 Ne4 19. Be1 Be7 20. Bxe4 dxe4
21. Qd1 Qd5 1/2-1/2

[Event "SR 2. liga A 2016/2017"]
[Site "?"]
[Date "2018.02.25"]
[Round "9.2"]
[White "Plat, Vojtech"]
[Black "Bednar, Jan"]
[Result "1-0"]
[WhiteElo "2560"]
[BlackElo "2018"]
[PlyCount "85"]
[EventDate "2017.??.??"]
[WhiteTeam "SK Modra B"]
[BlackTeam "SK Doprastav Bratislava B"]

1. e4 c5 2. Nf3 d6 3. c3 g6 4. d4 cxd4 5. Qxd4 Nf6 6. e5 dxe5 7. Qxd8+ Kxd8 8.
Bc4 Ke8 9. Nxe5 e6 10. Bf4 Nbd7 11. Nxd7 Bxd7 12. Nd2 Rc8 13. Bb3 Be7 14. Be5
Rg8 15. Bd4 b6 16. a4 Bc6 17. O-O Nd7 18. Rfe1 Bc5 19. a5 Ke7 20. axb6 axb6 21.
Bc4 Ra8 22. Nb3 Bxd4 23. Nxd4 Bb7 24. Rad1 Nc5 25. f3 Rgc8 26. Bb5 Kf6 27. Ra1
e5 28. Nc2 e4 29. fxe4 Bxe4 30. Rxa8 Rxa8 31. Rxe4 Nxe4 32. Bc6 Ra2 33. Bxe4
Rxb2 34. Nb4 Ke7 35. Bc2 h5 36. Kf2 h4 37. Ke3 f5 38. Kd2 g5 39. Kc1 Rxb4 40.
cxb4 Kf6 41. Kd2 f4 42. h3 Ke5 43. Ke2 1-0